| 000 | 00410nam a2200157Ia 4500 | ||
|---|---|---|---|
| 008 | 240729s9999 xx 000 0 und d | ||
| 022 | _a2048-3961 | ||
| 245 | 0 | _aInternational Journal of Multiphysics | |
| 260 | _aUnited Kingdom | ||
| 260 | _bMULTIPHYSICS | ||
| 650 | _a Physics | ||
| 650 | _aScience | ||
| 856 | _uhttps://doaj.org/toc/7f092160da1c4f9dafc6c42e08613f76 | ||
| 942 | _2ddc | ||
| 942 | _cDOAJEJ | ||
| 999 |
_c67186 _d67186 |
||
| 945 |
_a1 _bMadushi Gamage _c1 _dMadushi Gamage |
||